[Event "Klatovy op-B 23rd"]
[Site "Klatovy"]
[Date "2017.07.06"]
[Round "6"]
[White "Dolejs, Jakub"]
[Black "Frnoch, Vojtech"]
[Result "1-0"]
[WhiteElo "1442"]
[BlackElo "1660"]
[PlyCount "64"]
[EventDate "2017.07.01"]
[EventType "swiss"]
[EventRounds "9"]
[EventCountry "CZE"]
[SourceTitle "EXT 2018"]
[Source "ChessBase"]
[SourceDate "2017.10.13"]
[SourceVersion "1"]
[SourceVersionDate "2017.10.13"]
[SourceQuality "1"]

1. d4 Nf6 2. c4 e5 3. e3 exd4 4. exd4 Bb4+ 5. Bd2 Bxd2+ 6. Nxd2 0-0 7. Bd3 Re8+ 8. Ne2 b6 9. 0-0 Bb7 10. Rc1 d6 11. Rc3 Nbd7 12. Ng3 Nf8 13. Nh5 Nxh5 14. Qxh5 Re6 15. Nf3 Rh6 16. Qf5 Ng6 17. Ng5 Qe7 18. Be4 c6 19. Re3 Qc7 20. d5 Bc8 21. Qf3 Ne5 22. Qe2 g6 23. f4 Ng4 24. Rg3 Nf6 25. dxc6 Ba6 26. Bd3 Re8 27. Re3 Rxe3 28. Qxe3 Qxc6 29. Qe7 Bxc4 30. Bxc4 Qc5+ 31. Rf2 Qxc4 32. Qxf6 Qxa2 1-0